Analýza stropnej dosky nad halou v budove hotela

Enregistré dans:
Détails bibliographiques
Auteur principal: Grello, Zoltán (Auteur)
Autres auteurs: Jendželovský, Norbert (Directeur de thèse)
Format: Manuscrit Livre
Langue:slovaque
Publié: 2019
Sujets:
Accès en ligne:http://is.stuba.sk/zp/portal_zp.pl?podrobnosti=144652
https://opac.crzp.sk/?fn=detailBiblioForm&sid=9F8942B94996237AA8F91CF666DC
Tags: Ajouter un tag
Pas de tags, Soyez le premier à ajouter un tag!

MARC

LEADER 00000ntm a22000003a 4500
001 stuzp73357
003 SK-STU
005 20230530151456.5
007 ta
008 150427s2015----xo-----f-mn---000-0-slo-d
040 |a STU  |b slo 
041 0 |a slo 
100 1 |a Grello, Zoltán  |u 010250  |k Z4  |4 aut  |U SvF Stavebná fakulta  |T SvF Katedra stavebnej mechaniky  |X 75692  |U V250  |Y 26  |7 75692 
242 0 1 |a Analyzing the slab over the hall in the hotel building  |y eng 
245 1 0 |a Analýza stropnej dosky nad halou v budove hotela 
260 |c 2019 
650 4 |a železobetónová stropná doska  |2 slo 
650 4 |a Cobiax  |2 slo 
650 4 |a vyľahčená stropná doska  |2 slo 
650 4 |a reinforced concrete ceiling slab  |2 eng 
650 4 |a Cobiax  |2 eng 
650 4 |a lightened ceiling slab  |2 eng 
700 1 |a Jendželovský, Norbert  |u 010250  |k Z1  |4 ths  |U SvF Stavebná fakulta  |T SvF Katedra stavebnej mechaniky  |X 880  |U V250  |Y 26  |7 A000000880 
856 4 |u http://is.stuba.sk/zp/portal_zp.pl?podrobnosti=144652 
856 4 |u https://opac.crzp.sk/?fn=detailBiblioForm&sid=9F8942B94996237AA8F91CF666DC